00553nam a2200157Ia 4500008004100000041000800041082001700049100001700066245003400083260002200117365001600139700001700155906003500172999001900207952016900226230718s9999 xx 000 0 und d aeng a621.382bMOT aMotorola Inc aBipolar Power Transistor Data c1995bMcgraw Hill cRs.b750.00 aMotorola Inc dB:421314-Sep-1998cETC b112.5 c297475d297475 01104070aCCEPbCCEPd1998-09-26ePradeep Book DistributorsfETC g637.50i4213o621.382pCCEP-BK-8681r2023-07-18 00:00:00t112.5v750.00w1998-09-14yBKz008681